Aufklärung Zwischen Zwei Welten : Potsdamer Vorlesungen Zu Den Hauptwerken der Romanischen Literaturen des 18. Jahrhunderts.

Bibliographic Details
Main Author: Ette, Ottmar.
Format: eBook
Language:German
Published: Berlin/Boston : Walter de Gruyter GmbH, 2021.
Edition:1st ed.
Subjects:
Online Access:Click to View
LEADER 01451nam a22003373i 4500
001 EBC7014980
003 MiAaPQ
005 20231204023225.0
006 m o d |
007 cr cnu||||||||
008 231204s2021 xx o ||||0 ger d
020 |a 9783110703467  |q (electronic bk.) 
035 |a (MiAaPQ)EBC7014980 
035 |a (Au-PeEL)EBL7014980 
035 |a (OCoLC)1286807319 
040 |a MiAaPQ  |b eng  |e rda  |e pn  |c MiAaPQ  |d MiAaPQ 
100 1 |a Ette, Ottmar. 
245 1 0 |a Aufklärung Zwischen Zwei Welten :  |b Potsdamer Vorlesungen Zu Den Hauptwerken der Romanischen Literaturen des 18. Jahrhunderts. 
250 |a 1st ed. 
264 1 |a Berlin/Boston :  |b Walter de Gruyter GmbH,  |c 2021. 
264 4 |c {copy}2021. 
300 |a 1 online resource (666 pages) 
336 |a text  |b txt  |2 rdacontent 
337 |a computer  |b c  |2 rdamedia 
338 |a online resource  |b cr  |2 rdacarrier 
588 |a Description based on publisher supplied metadata and other sources. 
590 |a Electronic reproduction. Ann Arbor, Michigan : ProQuest Ebook Central, 2023. Available via World Wide Web. Access may be limited to ProQuest Ebook Central affiliated libraries.  
655 4 |a Electronic books. 
776 0 8 |i Print version:  |a Ette, Ottmar  |t Aufklärung Zwischen Zwei Welten  |d Berlin/Boston : Walter de Gruyter GmbH,c2021 
797 2 |a ProQuest (Firm) 
856 4 0 |u https://ebookcentral.proquest.com/lib/matrademy/detail.action?docID=7014980  |z Click to View